International financial reporting standards as issued at 1 January 2013 (Record no. 7562)
[ view plain ]
| 000 -LEADER | |
|---|---|
| fixed length control field | 00665nam a22001937a 4500 |
| 003 - CONTROL NUMBER IDENTIFIER | |
| control field | OSt |
| 005 - DATE AND TIME OF LATEST TRANSACTION | |
| control field | 20211202113416.0 |
| 008 - FIXED-LENGTH DATA ELEMENTS--GENERAL INFORMATION | |
| fixed length control field | 211202b ||||| |||| 00| 0 eng d |
| 020 ## - INTERNATIONAL STANDARD BOOK NUMBER | |
| International Standard Book Number | 9781907877773 |
| 040 ## - CATALOGING SOURCE | |
| Transcribing agency | ddc |
| 082 ## - DEWEY DECIMAL CLASSIFICATION NUMBER | |
| Classification number | 657.3 INT 2013 |
| 245 ## - TITLE STATEMENT | |
| Title | International financial reporting standards as issued at 1 January 2013 |
| 260 ## - PUBLICATION, DISTRIBUTION, ETC. (IMPRINT) | |
| Place of publication, distribution, etc. | London : |
| Name of publisher, distributor, etc. | International Accounting Standards Board |
| Date of publication, distribution, etc. | ©2013 |
| 300 ## - PHYSICAL DESCRIPTION | |
| Extent | 2 volumes (1352; 2121 pages) ; |
| Dimensions | 25 cm |
| 504 ## - BIBLIOGRAPHY, ETC. NOTE | |
| Bibliography, etc | Includes bibliographical references and index |
| 650 ## - SUBJECT ADDED ENTRY--TOPICAL TERM | |
| Topical term or geographic name as entry element | International financial reporting standards |
| 9 (RLIN) | 15475 |
| 650 ## - SUBJECT ADDED ENTRY--TOPICAL TERM | |
| Topical term or geographic name as entry element | Financial statements -- Standards |
| 9 (RLIN) | 15476 |
| 942 ## - ADDED ENTRY ELEMENTS (KOHA) | |
| Source of classification or shelving scheme | Dewey Decimal Classification |
| Koha item type | Book |
| Withdrawn status | Lost status | Source of classification or shelving scheme | Damaged status | Not for loan | Home library | Current library | Date acquired | Source of acquisition | Inventory number | Total Checkouts | Full call number | Barcode | Date last seen | Koha item type |
|---|---|---|---|---|---|---|---|---|---|---|---|---|---|---|
| Dewey Decimal Classification | Faculty of Management Science Library | Faculty of Management Science Library | 02/12/2021 | Purchase | 15/068 | 657.3 INT 2013 | 2021-2014 | 02/12/2021 | Open Shelf | |||||
| Dewey Decimal Classification | Faculty of Management Science Library | Faculty of Management Science Library | 02/12/2021 | Purchase | 15/067 | 657.3 INT 2013 | 2021-2015 | 02/12/2021 | Open Shelf | |||||
| Dewey Decimal Classification | Faculty of Management Science Library | Faculty of Management Science Library | 02/12/2021 | Purchase | 15/069 | 657.3 INT 2013 | 2021-2016 | 02/12/2021 | Open Shelf | |||||
| Dewey Decimal Classification | Faculty of Management Science Library | Faculty of Management Science Library | 02/12/2021 | Purchase | 15/066 | 657.3 INT 2013 | 2021-2017 | 02/12/2021 | Open Shelf |
